The European Environmental Conscience in the EU Finance, Innovation, and External Relations of the EU

Na minha lista:
Detalhes bibliográficos
Outros Autores: Tendero, Marjorie, Weber, Christoph
Formato: Livro
Idioma:inglês
Publicado em: Abingdon Routledge 2025
Edição:1st Edition
Assuntos:
Tags: Adicionar Tag
Sem tags, seja o primeiro a adicionar uma tag!

MARC

LEADER 00000nam a2200000 4500
001 0313134
005 20251204124912.0
020 |a 9781040309797 
041 0 |a eng 
044 |a GB 
245 1 0 |a The European Environmental Conscience in the EU  |b Finance, Innovation, and External Relations of the EU  |c Edited by Marjorie Tendero and Christoph Weber 
250 |a 1st Edition 
264 1 |a Abingdon  |b Routledge  |c 2025 
300 |a 285 s. 
500 |a ProQuest e-books. 
610 2 0 |a politika environmentálna 
610 2 0 |a udržateľnosť 
610 2 0 |a financovanie zelené 
610 2 0 |a vzťahy medzinárodné 
610 2 0 |a Európska únia 
700 1 |a Tendero, Marjorie 
700 1 |a Weber, Christoph